Tilastot visalle Valtiot, joiden nimessä on P

Klikkaa tästä pelataksesi tätä visaa!

Yleistilastot

  • Tätä visaa on pelattu 300 kertaa
  • Keskiarvotulos 16 / 21

Vastaustilastot

valtio% Oikein
Peru
97%
Puola
97%
Pakistan
95%
Pohjois-Korea
92%
Panama
91%
Portugali
91%
Palau
89%
Paraguay
89%
Pohjois-Makedonia
87%
Papua-Uusi-Guinea
86%
Päiväntasaajan Guinea
79%
Japani
77%
Kap Verde
74%
Espanja
71%
Nepal
71%
Filippiinit
69%
Kypros
64%
São Tomé ja Príncipe
63%
Egypti
59%
Etiopia
59%
Singapore
51%

Tulosjakauma

Persentiili vastausten määrän mukaan

Jokaisen tuloksen saaneiden osuus

Tuloshistoriasi

Et ole pelannut tätä visaa